000 00688nam a2200193Ia 4500
008 090201s9999 xx 000 0 und d
010 _aKPL-73143
020 _a81-7786-148-4
040 _bमराठी
041 _aमराठी
082 _a53623
_b73143
100 _aव. न. अंगिळे
245 _aझेप अवकाशी अग्निपक्ष्याची (रामबाग)
_cव. न. अंगिळे
250 _a2
260 _c2005
_bसाकेत प्रकाशन
300 _a313
_bमध्यम
600 _aझेप अवकाशी अग्निपक्ष्याची (रामबाग)
942 _cBOOK
999 _c250045
_d250045